Quizzes
Events
Quiz Creation
Community
Videos
Private Events
Remove Ads
Sign In
Join for FREE
Feedback
Dark Mode
Quiz Categories
Sports
Geography
Music
Movies
Television
Just For Fun
Miscellaneous
History
Literature
Language
Science
Gaming
Entertainment
Religion
Holiday
For Kids
Quiz Lab
Recent
Popular Today
Quiz Kudos Today
Editor Picks
Curator Picks
Quizzes by...
Day
Popularity
Type
Ratings
Length
Year
Community
Subscriptions
Recent Discussions
Orange Saloon
Badges
Playlists
Quests
Create
Leaderboards
Showdown
Live 5
Trivia Bingo
Activity
Puzzle Library
Sporcle Events
Private Events
Virtual Trivia
Globe League
Become a Host
Pub Owners
SporcleCon
Opinionation
Our Games
Videos
Blog
Mobile Apps
Partnerships
Remove Ads and Go Orange
Feedback
Television
TV Characters
TV Show
Sitcom
Network
Friends
Reality Shows
Cast
South Park
Star Trek
The Simpsons
Doctor Who
Television
TV Characters
TV Show
Sitcom
Network
Friends
Reality Shows
Cast
South Park
Star Trek
The Simpsons
Doctor Who
Random Quiz
Search Sporcle
×
Quiz Lab
Quiz Lab
Television
Show
Type in answers that appear in a list
Type in answers that appear in a list
Classic
Best Score? Go Orange.
Top 25 TV Shows - May 2, 2010 Stats
Can you name the Top 25 TV Shows for the week ending May 2, 2010, according to Nielsen ratings?
By
Kaleb
5m
25 Questions
1,213 Plays
1,213 Plays
1,213 Plays
Comments
Comments
Give Quiz Kudos
Give Quiz Kudos
-
- Ratings
hide this ad
Replay
Link that replays current quiz
Next Quiz
Link to next quiz in quiz playlist
You Got
0%
They Got
Avg Score
38%
Avg Friend Score
Upgrade to see
Score Distribution
Jump to the score distribution portion of the page
Score
0/25
Timer
05:00
0
Plays Today
TV Show
% Correct
American Idol (Wednesday)
83.8%
American Idol (Tuesday)
83.8%
CSI
61.6%
Dancing With The Stars
60%
Dancing With The Stars (Results)
60%
House
47.9%
Grey's Anatomy
47.1%
NCIS
45.7%
Glee
45.7%
Survivor: Heroes vs. Villains
44.7%
Two and a Half Men (Rerun)
43.1%
24
40.1%
Desperate Housewives
39.4%
TV Show
% Correct
Law and Order: SVU
38.1%
The Big Bang Theory (Rerun)
37.7%
Modern Family
35.3%
The Amazing Race 16
27.9%
Bones
23.4%
60 Minutes
23.2%
NCIS: Los Angeles
21.6%
The Mentalist
20.2%
The Good Wife
12.9%
Cold Case
10.6%
Cold Case 9pm Special
10.6%
Romantically Challenged
2.6%
Quiz Playlist
Details
Report
Send in Message
Add To Playlist
Classic:
Type in answers that appear in a list
Last Updated: Feb 16, 2017
Quiz Scoreboard
CHALLENGE
Sign Up to Join the Scoreboard
Show All
Scores
Hide
Comments
May contain spoilers
Recently Published
Billboard Blitz: Fleetwood Mac
by CooCooCachoo
Music
15s
Presidents Visiting Landmarks
by Hejman
History
7m
An Introduction to Baseball
by treessimontrees
Sports
5m
More to Explore
Quiz From the Vault
Featured Blog Post
Where Did the Easter Bunny Come From?
hide this ad
You Might Also Like...
Tags
Show Quiz
2010
Ending
May
million
nielsen
Rating
Top 25
Viewer
Week
Today's Top Quizzes in Television
Browse Television
hide this ad
Today's Top Quizzes in Show
Browse Show
Top Contributed Quizzes in Television
1
5-to-1: The Simpsons Families
2
5-to-1: Television Doctors
3
7-to-1: TV Show Settings
4
One Piece Logic Puzzle
5
5-to-1: Streaming Originals
6
Survivor Seasons
7
Survivor Logic Puzzle: Heroes vs. Villains
8
TV Shows by First Names
9
Survivor Season by Logo
10
Survivor Trivia
Explore More
Trending Topics
Anime
Harry Potter
Kpop
Disney
NBA
Crossword
Marvel
Song
The Office
Country
WWE
NFL
Pokémon
Puzzle
Soccer
hide this ad
More By:
Kaleb
Quiz
Plays
Rating
Category
Featured
Created
US News College Rankings by State
6,192
4.10
Miscellaneous
Oct 24, 2009
Most Visited Countries on Amazing Race
4,581
4.17
Geography
Nov 30, 2009
Harry Potter Books by Length
3,704
4.11
Literature
Dec 9, 2009
Missing Word: Acrostic Green Day Songs
3,565
4.68
Just For Fun
Oct 15, 2020
Coldplay Lyrics Game
2,978
4.44
Music
Nov 15, 2009
Go to Creator's Profile
Score Distribution
Quiz Creator Spotlight
Kaleb
Follow
Send a Message
Quizzes Created
-
Created Quiz Play Count
-
More By This Creator
Popular Quizzes Today
1
Find the US States - No Outlines Minefield
2
Find the Countries of Europe - No Outlines Minefield
3
The Countries of the World
4
Find the US States
5
US States
6
Risky Map Clicking: Biggest States A-Z
7
Popular People in 1961
8
Movies - When Are They Set?
More Television Quizzes
Game of Thrones by Mouth
Quiz Lab
Trending Quizzes
Risky Map Clicking: Least Populous States A-Z
1-10 Letter G Words
1-10 Letter F Words
Risky Map Clicking: Next State Alphabetically
Risky Map Clicking: Biggest States A-Z
Recently Updated
Leaping Animals
pecheneg
Reality TV Shows (A-Z)
bhenderson79
Rickey Henderson's Hall of Fame Teammates
pecheneg
Champions League XIs: Arsenal
pecheneg
Quick Pick: Celebrities in WWE's Hall of Fame
aduchscher
A-Z Keypad Blitz II
pecheneg
Multiple Oscar Actors
pecheneg
Mystery Phrase Blitz: Oscar 'Best Actors'
pecheneg
F. Scott Fitzgerald Novels
LTH
Pick 3 Villains
ddd62291
Trending Topics
NBA
Crossword
Disney
Anime
Kpop
Marvel
Harry Potter
Pokémon
NFL
Puzzle
WWE
Country
The Office
Soccer
Song
Your Account Isn't Verified!
In order to create a playlist on Sporcle, you need to verify the email address you used during registration. Go to your
Sporcle Settings
to finish the process.
Report this User
Report this user for behavior that violates our
Community Guidelines
.
Details:
Send Report
Go to the Sporcle.com Mobile Site →
Comments